000 00481nam a2200169 4500
001 126539
003 ES-MaACL
005 20241115063036.0
007 t|
008 070214s1969 sp r ||||1| spa d
100 1 _aRepollés, José
_9239299
245 1 0 _aMaravillas del mundo /
_cJosé Repollés Aguilar.
260 _aBarcelona :
_bGassó,
_c1969.
300 _a448 p., 16 lám. ;
_c23 cm.
852 _aES-MaACL
_jC-38262
_bR.72255
999 _c126539
_d126539